Uplatnenie absolventov vysokých škôl na slovenskom trhu práce

Saved in:
Bibliographic Details
Main Author: Stričík, Michal, 1969-
Other Authors: Bačová, Monika
Format: Book Chapter
Language:Slovak
Subjects:
Tags: Add Tag
No Tags, Be the first to tag this record!

MARC

LEADER 00000naa$a2200000$$$4500
001 0233313
005 20240502073805.2
041 0 |a slo 
044 |a SK 
245 1 0 |a Uplatnenie absolventov vysokých škôl na slovenskom trhu práce  |c Michal Stričík, Monika Bačová 
500 |a Abstrakt 
610 2 0 |a práca 
610 2 0 |a nezamestnanosť 
610 2 0 |a absolventi 
610 2 0 |a Slovensko 
610 2 0 |a zdroje ľudské 
100 1 |a Stričík, Michal, 1969- 
700 1 |a Bačová, Monika